000 00818nam a22002177a 4500
003 UA-OsUOA
001 59817
007 ta
008 20090428b un ||||| |||| 00| 0 ukr d
090 _a94(477+438)
_bУ-45
942 _cBK
040 _aUA-OsUOA
_bukr
_cUA-OsUOA
_dUA-OsUOA
245 _aУкраїна-Польща: важкі питання
_bМатеріали 8 Міжнародного наукового семінару "Українсько-польські відносини під час Другої світової війни" Варшава, 6 - 8 листопада 2000 р.
300 _a342 с.
955 _a1
041 _aukr
080 _a94(477+438)
260 _aЛуцьк
_bВНУ
_c2009
650 7 _a9 Географія. Біографії. Історія
_2UDC
999 _c345878
_d345878